Statistiken für Valorant Maps am Umriss erkennen

Klicken Sie hier um das Quiz zu spielen!

Allgemein

  • Dieses Quiz wurde 305 mal gespielt
  • Das Durchschnittsergebnis liegt bei 7 aus 10

Antwortstatistiken

Antwort% Korrekt
Bind
95%
Breeze
85%
Haven
81%
Lotus
79%
Icebox
74%
Fracture
73%
Pearl
70%
Split
70%
Sunset
65%
Ascend
48%

Verteilung der Resultate

Perzentil nach korrekt beantworteten Fragen

Anzahl Personen mit jedem Resultat

Ihre Resultats-Entwicklung

Sie haben dieses Quiz noch nicht gespielt